MARC details
| 000 -CABECERA |
| campo de control de longitud fija |
01479cam a2200373 a 4500 |
| 001 - NÚMERO DE CONTROL |
| campo de control |
000003120 |
| 003 - IDENTIFICADOR DEL NÚMERO DE CONTROL |
| campo de control |
OSt |
| 005 - FECHA Y HORA DE LA ÚLTIMA TRANSACCIÓN |
| campo de control |
20201203085628.0 |
| 008 - DATOS DE LONGITUD FIJA--INFORMACIÓN GENERAL |
| campo de control de longitud fija |
730924s1968 sp 001 p spa |
| 040 ## - FUENTE DE LA CATALOGACIÓN |
| Centro catalogador/agencia de origen |
DO-SdBNP |
| Centro/agencia transcriptor |
|
| Centro/agencia modificador |
|
| 082 ## - NÚMERO DE LA CLASIFICACIÓN DECIMAL DEWEY |
| Número de clasificación |
861.6 |
| Número de documento/Ítem |
G724p |
| 245 00 - MENCIÓN DE TÍTULO |
| Título |
Poetas catalanes contemporáneos : |
| Resto del título |
antología. / |
| Mención de responsabilidad, etc. |
traducción, José Agustín Goytisolo ; de los poemas originales de Josep Carner, Carles Ribas, J. V. Foix, Joan Salvat-Papasseit, María Manent, Joan Oliver, Bartomeu Rosselló-Pórcel, Salvador Espiu, Joan Vinyoli, Gabriel Ferrater. |
| 260 ## - PUBLICACIÓN, DISTRIBUCIÓN, ETC. |
| Lugar de publicación, distribución, etc. |
Barcelona : |
| Nombre del editor, distribuidor, etc. |
Seix Barral, |
| Fecha de publicación, distribución, etc. |
1968. |
| 300 ## - DESCRIPCIÓN FÍSICA |
| Extensión |
370 p. ; |
| Dimensiones |
19 cm. |
| 490 1# - MENCIÓN DE SERIE |
| Mención de serie |
Biblioteca breve de bolsillo |
| Designación de volumen o secuencia |
no. 16 |
| 490 1# - MENCIÓN DE SERIE |
| Mención de serie |
Libros de enlace. |
| 650 #4 - PUNTO DE ACCESO ADICIONAL DE MATERIA--TÉRMINO DE MATERIA |
| Término de materia o nombre geográfico como elemento de entrada |
Poetas españoles |
| Subdivisión cronológica |
SIGLOS XX |
| Subdivisión general |
Crítica e interpretación |
| 9 (RLIN) |
9819 |
| 650 #4 - PUNTO DE ACCESO ADICIONAL DE MATERIA--TÉRMINO DE MATERIA |
| Término de materia o nombre geográfico como elemento de entrada |
Poetas españoles |
| Subdivisión cronológica |
SIGLO XX |
| Subdivisión de forma |
BIOGRAFÍAS |
| 9 (RLIN) |
9820 |
| 650 #4 - PUNTO DE ACCESO ADICIONAL DE MATERIA--TÉRMINO DE MATERIA |
| Término de materia o nombre geográfico como elemento de entrada |
Literatura española |
| Subdivisión cronológica |
SIGLO XX |
| 9 (RLIN) |
3326 |
| 700 1# - PUNTO DE ACCESO ADICIONAL--NOMBRE DE PERSONA |
| Nombre de persona |
Goytisolo, José Agustín, |
| Fechas asociadas al nombre |
1928- |
| Término indicativo de función/relación |
tr. |
| 9 (RLIN) |
9821 |
| 700 1# - PUNTO DE ACCESO ADICIONAL--NOMBRE DE PERSONA |
| Nombre de persona |
Carner, Josep. |
| 9 (RLIN) |
9822 |
| 700 1# - PUNTO DE ACCESO ADICIONAL--NOMBRE DE PERSONA |
| Nombre de persona |
Ribas Carles. |
| 9 (RLIN) |
9823 |
| 700 1# - PUNTO DE ACCESO ADICIONAL--NOMBRE DE PERSONA |
| Nombre de persona |
Foix, J. V. |
| 9 (RLIN) |
9824 |
| 700 1# - PUNTO DE ACCESO ADICIONAL--NOMBRE DE PERSONA |
| Nombre de persona |
Salvat-Papasseit, Joan. |
| 9 (RLIN) |
9825 |
| 700 1# - PUNTO DE ACCESO ADICIONAL--NOMBRE DE PERSONA |
| Nombre de persona |
Manent, María. |
| 9 (RLIN) |
9826 |
| 700 1# - PUNTO DE ACCESO ADICIONAL--NOMBRE DE PERSONA |
| Nombre de persona |
Oliver, Joan. |
| 9 (RLIN) |
9827 |
| 700 1# - PUNTO DE ACCESO ADICIONAL--NOMBRE DE PERSONA |
| Nombre de persona |
Rosselló-Pórcel, Bartomeu. |
| 9 (RLIN) |
9828 |
| 700 1# - PUNTO DE ACCESO ADICIONAL--NOMBRE DE PERSONA |
| Nombre de persona |
Espiu, Salvador. |
| 9 (RLIN) |
9829 |
| 700 1# - PUNTO DE ACCESO ADICIONAL--NOMBRE DE PERSONA |
| Nombre de persona |
Vinyoli, Joan. |
| 9 (RLIN) |
9830 |
| 700 1# - PUNTO DE ACCESO ADICIONAL--NOMBRE DE PERSONA |
| Nombre de persona |
Ferrater, Gabriel. |
| 9 (RLIN) |
9831 |
| 830 #0 - PUNTO DE ACCESO ADICIONAL DE SERIE-TÍTULO UNIFORME |
| Título uniforme |
Biblioteca breve de bolsillo. |
| Nombre de parte o sección de la obra |
libros de enlace, |
| Designación de volumen o secuencia |
no. 16. |
| 9 (RLIN) |
9832 |
| 910 ## - DATOS DE OPCIÓN DEL USUARIO (OCLC) |
| Datos de opción del usuario |
|
| 942 ## - ELEMENTOS DE PUNTO DE ACCESO ADICIONAL (KOHA) |
| Fuente del sistema de clasificación o colocación |
Dewey Decimal Classification |
| Tipo de ítem Koha |
Libro |